书目信息 |
| 题名: |
通俗天文学
|
|
| 作者: | 纽康 , 金克木 著 | |
| 分册: | ||
| 出版信息: | 北京 当代世界出版 2006 |
|
| 页数: | 231页 | |
| 开本: | 23cm | |
| 丛书名: | ||
| 单 册: | ||
| 中图分类: | P1-49 | |
| 科图分类: | ||
| 主题词: | 天文学 , 天文学--普及读物 | |
| 电子资源: | ||
| ISBN: | 7-5090-0127-7 | |
| 000 | 01137nam0 2200289 450 | |
| 000 | 01143nam0 2200289 450 | |
| 000 | 01075nam0 2200265 450 | |
| 000 | 01039nam0 2200253 45 | |
| 005 | 20070515113324.82 | |
| 010 | @a7-5090-0127-7@dCNY30.00 | |
| 100 | @a20070325d2006 em y0chiy0120 ea | |
| 101 | 1 | @achi@ceng |
| 102 | @aCN@b110000 | |
| 105 | @aa z 000yy | |
| 200 | 1 | @a通俗天文学@ATong Su Tian Wen Xue@dAstronomy for everybody@e和宇宙的一场对话@EHe Yu Zhou De Yi Chang Dui Hua@f(美)西蒙·纽康(Simon Newcomb)著@F( Mei ) Xi Meng· Niu Kang (Simon Newcomb) Zhu@g金克木译 |
| 210 | @a北京@c当代世界出版@d2006 | |
| 215 | @a231页@c图,照片@d23cm | |
| 330 | @a本书以通俗、形象的语言描述了天文学的事实,如:天体的运行、太阳、地球、月亮等,以便读者了解天文学。 | |
| 510 | 1 | @aAstronomy for everybody@zeng |
| 517 | 1 | @a和宇宙的一场对话@AHe Yu Zhou De Yi Chang Dui Hua |
| 606 | 0 | @a天文学 |
| 606 | 0 | @a天文学@x普及读物 |
| 690 | @aP1-49@v4 | |
| 701 | 1 | @c(美)@a纽康@ANiu Kang@g(Newcomb,Simon@f1835~1909)@4著 |
| 701 | 0 | @a金克木@AJin Ke Mu@f(1912.8~2000.8)@4译 |
| 801 | 0 | @aCN@bTAOJIN@c20070515 |
| 905 | @a10447@dP1-49@e137 | |
| 通俗天文学=Astronomy for everybody:和宇宙的一场对话/(美)西蒙·纽康(Simon Newcomb)著/金克木译.-北京:当代世界出版,2006 |
| 231页:图,照片;23cm |
| ISBN 7-5090-0127-7:CNY30.00 |
| 本书以通俗、形象的语言描述了天文学的事实,如:天体的运行、太阳、地球、月亮等,以便读者了解天文学。 |
| ● |
| 相关链接 |
|
|
|
|
正题名:通俗天文学
索取号:P1-49/137
 
预约/预借
| 序号 | 登录号 | 条形码 | 馆藏地/架位号 | 状态 | 备注 |
| 1 | 0520279 | 205202797 | 第二样本阅览室/ [索取号:P1-49/137] | 在馆 | |
| 2 | 0520280 | 205202804 | 第三借阅区/ [索取号:P1-49/137] | 在馆 | |
| 3 | 0520281 | 205202813 | 第三借阅区/ [索取号:P1-49/137] | 在馆 | |
| 4 | 0520282 | 205202822 | 第三借阅区/ [索取号:P1-49/137] | 在馆 | |
| 5 | 0520283 | 205202831 | 第三借阅区/ [索取号:P1-49/137] | 在馆 | |
| 6 | 0520284 | 205202840 | 第三借阅区/ [索取号:P1-49/137] | 在馆 | |
| 7 | 0520285 | 205202859 | 第三借阅区/ [索取号:P1-49/137] | 在馆 | |
| 8 | 0520286 | 205202868 | 第三借阅区/ [索取号:P1-49/137] | 在馆 |